000 00846nam a22002177a 4500
003 NALT
005 20251029143126.0
008 s2558 th tha d
020 _a9786165089937
040 _aNALT
041 _atha
050 _aHF 5549
_bอ134ด 2558
100 0 _aอดุลย์ รัตนมั่นเกษม
_923881
245 1 4 _aThe boss บริหารคนสไตล์เจ้าสัว ยุคโลกออนไลน์ /
_cอดุลย์ รัตนมั่นเกษม.
260 _aกรุงเทพฯ :
_bแสงดาว,
_c2558.
300 _a225 หน้า :
_bภาพประกอบ ;
_c21 ซม.
650 4 _aการบริหารงานบุคคล
_944
850 _aNALT
942 _cGB
_2lcc
996 _asaiphon.d
_bCATSTF
_c2025-10-29
999 _c74298
_d74298
998 _j104
_k นางสาวสายฝน ดีงาม